Every NASCAR winner in 2022 - Statistics

General Stats
  • This quiz has been taken 8 times
  • The average score is 36 of 40
Answer Stats
Hint Answer % Correct
Dover 1 Chase Elliott
100%
Nashville Chase Elliott
100%
Atlanta 2 Chase Elliott
100%
Pocono Chase Elliott
100%
Talladega 2 Chase Elliott
100%
New Hampshire Christopher Bell
100%
Charlotte Roval Christopher Bell
100%
Martinsville 2 Christopher Bell
100%
Sonoma Daniel Suarez
100%
Richmond 1 Denny Hamlin
100%
Charlotte Denny Hamlin
100%
Busch Clash Joey Logano
100%
Darlington 1 Joey Logano
100%
Gateway Joey Logano
100%
Las Vegas 2 Joey Logano
100%
Phoenix 2 Joey Logano
100%
Michigan Kevin Harvick
100%
Richmond 2 Kevin Harvick
100%
Kansas 1 Kurt Busch
100%
Bristol Dirt Kyle Busch
100%
Fontana Kyle Larson
100%
Watkins Glen Kyle Larson
100%
Homestead Kyle Larson
100%
Road America Tyler Reddick
100%
Indy RC Tyler Reddick
100%
Texas 2 Tyler Reddick
100%
Las Vegas 1 Alex Bowman
83%
Daytona 500 Austin Cindric
83%
Daytona 2 Austin Dillon
83%
Kansas 2 Bubba Wallace
83%
Daytona Duel #2 Chris Buescher
83%
Bristol Chris Buescher
83%
Darlington 2 Erik Jones
83%
COTA Ross Chastain
83%
Talladega 1 Ross Chastain
83%
All Star Ryan Blaney
83%
Phoenix 1 Chase Briscoe
67%
Atlanta 1 William Byron
67%
Martinsville 1 William Byron
67%
Daytona Duel #1 Brad Keselowski
0%
No matching quizzes found
Score Distribution
Percent of People with Each Score
Percentile by Number Answered
Your Score History
You have not taken this quiz